00925ngm a2200217 a 450000500170000000800410001708200180005824500810007625000190015730000620017649000140023850001470025265000660039965000550046570000220052026400420054233600270058433700330061133800280064404000350067220220317001253.0160825s1996 ck g 000 0 spa 04a791.433bM14m10aMicrocosmoscdirección Claude Nuridsany y Marie Perennouhvideograbación a1a. edición  a1 videocasete en VHS (80 minutos)bsonido, color c20 cm  aLa maleta aLa película pertenece a la colección La Maleta. Dirigida para un público infantil. Película en francés con subtítulos en español142LEMBaPelículas cinematográficas francesasvVideocasetes 142LEMBaInsectosvVideocasetes xHabitos y conducta 1 aNuridsany, Claude aBogotábMinisterio de Culturac1996 atextobtxt2rdacontent asin mediaciónbn2rdamedia avolumenbnc2rdacarrier aCO-BoRNBPbspaerdacCO-BoRNBP